| 000 | 00382nam a2200157Ia 4500 | ||
|---|---|---|---|
| 008 | 180207s9999 xx 000 0 und d | ||
| 020 | _a9780721441108 | ||
| 050 | _bD612 1992 | ||
| 245 | _aDisney : beauty and the beast / | ||
| 250 | _aFirst edition. | ||
| 260 | _aUK : | ||
| 260 | _bLadybird Books, | ||
| 260 | _c1992 | ||
| 300 | _aunpaged : | ||
| 300 | _bcolor illustration ; | ||
| 999 |
_c355044 _d355044 |
||